<?xml version="1.0" encoding="UTF-8"?>
<record
    xmlns:xsi="http://www.w3.org/2001/XMLSchema-instance"
    xsi:schemaLocation="http://www.loc.gov/MARC21/slim http://www.loc.gov/standards/marcxml/schema/MARC21slim.xsd"
    xmlns="http://www.loc.gov/MARC21/slim">

  <leader>00842na  a2200241   4500</leader>
  <controlfield tag="001">19993</controlfield>
  <controlfield tag="003">MIRAKIL</controlfield>
  <controlfield tag="005">20181213155116.0</controlfield>
  <controlfield tag="008">161229b        tu            000 0      </controlfield>
  <datafield tag="040" ind1=" " ind2=" ">
    <subfield code="a">Milas</subfield>
    <subfield code="b">tur</subfield>
    <subfield code="c">TR-AnCHP</subfield>
  </datafield>
  <datafield tag="041" ind1=" " ind2=" ">
    <subfield code="a">tur</subfield>
  </datafield>
  <datafield tag="082" ind1=" " ind2=" ">
    <subfield code="a">363.3495</subfield>
    <subfield code="b">G31 2001</subfield>
  </datafield>
  <datafield tag="090" ind1=" " ind2=" ">
    <subfield code="a">363.3495 G31 2001</subfield>
  </datafield>
  <datafield tag="245" ind1=" " ind2=" ">
    <subfield code="a">Ge&#xE7;ici yerle&#x15F;im alanlar&#x131;nda ya&#x15F;ayanlar&#x131;n sa&#x11F;l&#x131;k hizmetlerini kullan&#x131;m&#x131;n&#x131;n de&#x11F;erlendirilmesi</subfield>
    <subfield code="c">T&#xFC;rk Tabipleri Birli&#x11F;i</subfield>
  </datafield>
  <datafield tag="260" ind1=" " ind2=" ">
    <subfield code="a">Ankara</subfield>
    <subfield code="b">T&#xFC;rk Tabipleri Birli&#x11F;i</subfield>
    <subfield code="c">2001</subfield>
  </datafield>
  <datafield tag="300" ind1=" " ind2=" ">
    <subfield code="a">62 s.</subfield>
    <subfield code="b">tbl.; grf.</subfield>
    <subfield code="c">30 sm.</subfield>
  </datafield>
  <datafield tag="500" ind1=" " ind2=" ">
    <subfield code="a">Yap&#x131;t ad&#x131; ba&#x15F;&#x131;nda: 17 A&#x11F;ustos ve 12 Kas&#x131;m 1999 depremleri sonras&#x131;nda</subfield>
  </datafield>
  <datafield tag="650" ind1=" " ind2=" ">
    <subfield code="a">Afet b&#xF6;lgeleri</subfield>
    <subfield code="x">Sa&#x11F;l&#x131;k hizmetleri</subfield>
    <subfield code="y">De&#x11F;erlendirmeler</subfield>
  </datafield>
  <datafield tag="650" ind1=" " ind2=" ">
    <subfield code="a">Deprem</subfield>
    <subfield code="x">Ge&#xE7;ici yerle&#x15F;im</subfield>
    <subfield code="y">Sa&#x11F;l&#x131;k hizmetleri</subfield>
  </datafield>
  <datafield tag="657" ind1=" " ind2=" ">
    <subfield code="a">1999 Depremi</subfield>
  </datafield>
  <datafield tag="710" ind1=" " ind2=" ">
    <subfield code="a">TTB</subfield>
  </datafield>
  <datafield tag="942" ind1=" " ind2=" ">
    <subfield code="2">ddc</subfield>
    <subfield code="c">BKS</subfield>
  </datafield>
  <datafield tag="952" ind1=" " ind2=" ">
    <subfield code="a">0001</subfield>
    <subfield code="b">0001</subfield>
    <subfield code="d">2016-12-29</subfield>
    <subfield code="e">2</subfield>
    <subfield code="l">0</subfield>
    <subfield code="o">363.3495 G31 2001</subfield>
    <subfield code="p">010397</subfield>
    <subfield code="r">2016-12-29 00:00:00</subfield>
    <subfield code="v">0.00</subfield>
    <subfield code="w">2016-12-29</subfield>
    <subfield code="y">BKS</subfield>
  </datafield>
  <datafield tag="999" ind1=" " ind2=" ">
    <subfield code="c">6722</subfield>
    <subfield code="d">6722</subfield>
  </datafield>
</record>
